Territoires ultramarins de la France - Statistiques

Statistiques générales
  • Ce quiz a été pris 118 fois
  • Le résultat moyen est 12 sur 17
Statistiques - réponses
Statut Localisation Territoire ultramarin % Correct
DROM Océan Indien La Réunion
96%
DROM Mer des Caraïbes Martinique
96%
DROM Amérique du Sud Guyane
92%
DROM Mer des Caraïbes Guadeloupe
91%
DROM Océan Indien Mayotte
90%
COM Océan Atlantique Nord Saint-Pierre-et-Miquelon
83%
Autre Océan Pacifique Sud Nouvelle-Calédonie
82%
COM Océan Pacifique Sud Polynésie française
82%
COM Océan Pacifique Sud Wallis-et-Futuna
72%
COM Mer des Caraïbes Saint-Barthélémy
67%
COM Mer des Caraïbes Saint-Martin
65%
TAAF Océan Indien Sud Kerguelen
58%
TAAF Antarctique Terre Adélie
54%
Autre Océan Pacifique Nord Clipperton
45%
TAAF Océan Indien Sud Îles Crozet
29%
TAAF Océan Indien Sud Saint-Paul et Amsterdam
28%
TAAF Océan Indien Îles Éparses
26%
Aucun quiz correspondant
Distribution des résultats
% des personnes avec chaque résultat
Percentile par nombre de réponses
Votre historique - résultats
Vous n’avez pas pris ce quiz